La certificación de semillas vuelve a la discusión en Costa Rica/

সংরক্ষণ করুন:
গ্রন্থ-পঞ্জীর বিবরন
প্রধান লেখক: Rodríguez Cervantes, Silvia
বিন্যাস: গ্রন্থ
ভাষা:Spanish
ট্যাগগুলো: ট্যাগ যুক্ত করুন
কোনো ট্যাগ নেই, প্রথমজন হিসাবে ট্যাগ করুন!

MARC

LEADER 00000nam a22000007a 4500
003 cru CIDCACS/IIS
005 20180301102900.0
007 ta
008 180301s2016 uy |||p|r||||||0| ||spa|d
999 |c 41087  |d 41087 
040 |c cru CIDCACS/IIS 
100 1 |9 5585  |a Rodríguez Cervantes, Silvia 
245 1 3 |a La certificación de semillas vuelve a la discusión en Costa Rica/  |c Silvia Rodríguez Cervantes 
300 |a página 40:  |b foto 
773 0 |0 41050  |9 1838  |a Red de Ecología Social (Uruguay)  |d Uruguay: REDES-AT; GRAIN  |o 17980  |t Biodiversidad:  |x 07977888X 
942 |2 ddc  |c PP